[Event "Kathmandu Open 2018"]
[Site "Kathmandu"]
[Date "2018.04.15"]
[Round "5"]
[White "Greenfeld, Alon"]
[Black "Sandipan, Chanda"]
[Result "1/2-1/2"]
[WhiteElo "2490"]
[BlackElo "2579"]
[Annotator "TA"]
[PlyCount "70"]
[EventDate "2018.??.??"]
[EventType "swiss"]
[EventCountry "NEP"]
[SourceTitle "playchess.com"]
[Source "ChessBase"]
[SourceQuality "1"]

{[%evp 16,70,14,10,10,0,22,5,32,36,53,48,52,58,43,26,33,28,23,26,21,7,15,-6,22,25,106,33,58,24,39,32,25,29,37,29,54,42,83,49,59,22,31,0,8,0,0,0,0,0,0,0,8,8,8,0,0]} 1. d4 f5 2. g3 Nf6 3. Bg2 g6 4. Nh3 d6 5. Nc3 c6 (5... Bg7 6. Nf4 e5 7. dxe5 dxe5 8. Qxd8+ Kxd8 9. Nd3 Re8 10. e4 c6 11. Bg5 Kc7 12. O-O-O Nxe4 13. Nxe4 fxe4 14. Nc5 {1-0 (56) Sandipan,C (2574)-Berelowitsch,A (2521) Germany 2016}) 6. Nf4 {A81: Dutch Defence: 2 g3} e5 7. dxe5 dxe5 8. Qxd8+ Kxd8 9. Nd3 {LiveBook: 4 Games} e4 10. Bg5 Ke7 11. Ne5 Ke6 $146 ({Predecessor:} 11... Nbd7 12. Nxd7 Bxd7 {0-1 (58) Nechaev,A (2370)-Kovalenko,I (2465) Khmelnitsky 2009}) 12. Nc4 b5 13. Nd2 h6 14. Be3 {[%cal Rc3e4]} Bg7 15. Nb3 Kf7 16. O-O-O a5 17. f3 {[%cal Rf3e4]} a4 18. Nc5 {[%cal Rf3e4]} a3 19. b4 {[%cal Rf3e4]} Nfd7 (19... Na6 {seems wilder.} 20. fxe4 Nxb4 21. Bd4 Rd8 22. e5 Ne8) 20. Nxd7 $1 Bxc3 (20... Bxd7 $11 {remains equal.} 21. Bd4 e3) 21. Nxb8 (21. Nb6 $16 exf3 22. Bxf3 (22. exf3 Ra6 $14)) 21... Rxb8 22. Bd4 Bxd4 23. Rxd4 exf3 24. Bxf3 Be6 25. Rd3 Bxa2 26. Rxa3 Bd5 27. Bxd5+ cxd5 $16 {[%mdl 4096] Endgame KRR-KRR} 28. Ra7+ Kf6 29. Ra6+ Kg5 {The position is equal.} 30. Rd1 Rhe8 31. Rxd5 Rxe2 32. h4+ Kh5 33. g4+ Kxh4 34. gxf5 Rc8 35. fxg6 {[#] g7 is the strong threat.} Rexc2+ {Precision: White = 49%, Black = 66%.} 1/2-1/2

[Event "Kathmandu Open 2018"]
[Site "Kathmandu"]
[Date "2018.04.15"]
[Round "5"]
[White "Harsha Bharathakoti"]
[Black "Fominyh, Alexander"]
[Result "1-0"]
[WhiteElo "2424"]
[BlackElo "2391"]
[Annotator "TA"]
[PlyCount "111"]
[EventDate "2018.??.??"]
[EventType "swiss"]
[EventCountry "NEP"]
[SourceTitle "playchess.com"]
[Source "ChessBase"]
[SourceQuality "1"]

{[%evp 11,111,12,39,-27,0,0,0,0,0,0,0,-14,-38,-25,-11,-14,13,0,12,6,7,-15,-17,-17,-19,-33,-11,-8,-16,-17,-17,-16,-16,-16,-12,-18,-11,-18,-9,-4,-11,-17,-17,-17,-8,-9,0,0,0,-6,-2,-10,0,-10,0,-7,0,0,0,0,6,0,0,0,0,0,22,-89,-90,-304,-300,-410,0,0,0,0,0,0,0,0,126,117,120,121,115,88,720,718,752,691,1745,1666,29982,1147,29983,29984,29984,29985,29985,29986,29986,29987]} 1. d4 d5 2. c4 dxc4 3. e4 Nf6 4. e5 Nd5 5. Bxc4 Nc6 6. Nf3 {D20: Queen's Gambit Accepted: 3 e3 and 3 e4} Bg4 {LiveBook: 6 Games} (6... Nb6 7. Bb3 Bg4 8. Ng5 Bxd1 9. Bxf7+ Kd7 10. Be6+ Ke8 11. Bf7+ Kd7 {½-½ (11) Aleksandrov,A (2588)-Stupak,K (2586) Baku 2017}) 7. Qb3 (7. Nc3 $14 e6 8. O-O) 7... Na5 $146 (7... Bxf3 $5 8. Qxf3 e6 $11) ({Predecessor:} 7... Bxf3 8. Qxf3 Nxd4 9. Qe4 Nb6 10. Bb3 Nxb3 11. axb3 Qd5 12. Qxd5 Nxd5 {0-1 (45) Nittschalk,K (1793)-Riepe,B (1995) DESC email 2002}) 8. Qa4+ $1 {The position is equal.} Nc6 $1 ({Much weaker is} 8... c6 9. Bxd5 Qxd5 10. Nc3 $16) 9. Qb3 Na5 10. Qa4+ $1 Nc6 $1 {[%cal Ba5c6,Bc6b4,Bb4d5,Bd5e3][%mdl 32] And now ...Nb6 would win.} ({Much worse is} 10... c6 $6 11. Bxd5 Qxd5 12. Nc3 $16) 11. Be2 (11. Qb3 {feels hotter.}) 11... e6 12. O-O Nb6 13. Qd1 $1 Be7 14. Be3 Nb4 15. Nc3 O-O 16. Ne4 Bf5 17. Ng3 Bg6 18. a3 N4d5 19. Rc1 c6 20. Bd3 Nxe3 21. fxe3 Bxd3 22. Qxd3 c5 23. Ne4 cxd4 24. exd4 Nd5 25. Nfd2 Rc8 26. Rxc8 Qxc8 27. Nc4 Qc6 28. Ncd6 (28. h3 {is more complex.} b6 29. Ne3 Nc7 30. Rf2 Rd8 31. Nc2) 28... Bxd6 29. Nxd6 f5 30. Qd2 h6 31. Rc1 Qd7 32. Qd3 a6 33. Qb3 Rb8 34. Rc5 Ne7 35. Qc4 b5 {[%cal Bb7b5,Bb5b4,Bb4b3][%mdl 32]} 36. Qc3 b4 37. Qb3 a5 38. a4 Kh7 39. Qc2 {[#]} (39. Rxa5 $11 Nd5 40. g3) 39... b3 $1 $17 {[%cal Rb3c2]} 40. Qc4 $2 (40. Qd2 $17 {was called for.} Rb4 41. Rxa5 Rxa4 42. Kf2) 40... Rb4 $19 41. Rc7 Rxc4 $2 ({Black should play} 41... Qxa4 $19 42. Qe2 Qa1+ 43. Kf2 Nd5) 42. Rxd7 {[%mdl 4096] Endgame KRN-KRN} Rc1+ 43. Kf2 Nd5 {[#] ...Rc2+ is the strong threat.} 44. Nxf5 $1 {[%mdl 512]} Rc2+ (44... exf5 45. Rxd5) 45. Kf3 Kg8 (45... Rxb2 $11 {keeps the balance.} 46. Nxg7 Kg8) 46. Ne7+ $16 ({But not} 46. Rxg7+ $6 Kh8 $11) 46... Nxe7 47. Rxe7 Rxb2 48. Rxe6 {KR-KR} Ra2 $2 {[%mdl 8192]} (48... Rb1 $16 49. Rb6 b2) 49. Rb6 $18 Rxa4 50. Ke4 Ra3 51. e6 a4 52. Rb8+ Kh7 53. e7 {White mates.} Ra1 54. e8=Q Re1+ 55. Kd3 Rxe8 56. Rxe8 {Precision: White = 44%, Black = 47%.} 1-0

[Event "Kathmandu Open 2018"]
[Site "Kathmandu"]
[Date "2018.04.15"]
[Round "5"]
[White "Gusain, Himal"]
[Black "Neelash Saha"]
[Result "1/2-1/2"]
[WhiteElo "2413"]
[BlackElo "2212"]
[Annotator "TA"]
[PlyCount "60"]
[EventDate "2018.??.??"]
[EventType "swiss"]
[EventCountry "NEP"]
[SourceTitle "playchess.com"]
[Source "ChessBase"]
[SourceQuality "1"]

{[%evp 17,60,-17,-9,-77,-75,-104,-93,-108,-94,-111,-37,-58,-20,-14,-20,-22,-34,-33,-34,-37,0,-28,0,-4,0,-8,9,9,16,23,25,29,30,22,33,23,38,0,25,15,44,27,37,28,29]} 1. e4 c5 2. Nc3 d6 3. f4 g6 4. Nf3 Bg7 5. Bc4 Nc6 6. O-O Nf6 7. d3 O-O 8. Qe1 Nd4 9. Bb3 {B23: Closed Sicilian: Lines without g3} (9. Nxd4 cxd4 10. Nd5 Nxd5 11. Bxd5 e6 12. Bb3 a5 13. a4 Bd7 14. Bd2 Kh8 15. Rf2 Qb6 16. Re2 Qc7 17. Qh4 f5 18. Rae1 fxe4 19. Rxe4 {1-0 (44) Robson,R (2596)-Le,Q (2714) Moscow 2012}) 9... a5 {[%cal Ba7a5,Ba5a4][%mdl 32] LiveBook: 7 Games} 10. Be3 (10. Ba4 $11 {remains equal.}) 10... Ng4 $17 11. Bxd4 $146 {Black is better.} ({Find the theoretical novelty and annotate with similar games:} 11. Bd2 a4 12. Nxa4 b5 13. Nc3 c4 14. dxc4 bxc4 15. Ba4 Rxa4 16. Nxa4 Nxc2 17. Qe2 Nxa1 18. h3 Bd7 19. hxg4 Bxa4 20. Rxa1 Qb6+ {0-1 (20) Donovan,L (2448)-Burg,T (2449) Belgium 2011}) 11... cxd4 12. Nd1 a4 13. Bc4 Qb6 (13... Bd7 $17 14. h3 Nf6) 14. a3 $15 Ne3 15. Nxe3 dxe3 16. Rb1 Be6 ({Don't blunder} 16... Bxb2 $2 17. c3 $18) 17. Qe2 Bxc4 ({But not} 17... Bxb2 $2 18. Bxe6 fxe6 19. c4 $18) 18. dxc4 Rfc8 19. Rfe1 Qc6 20. Qxe3 Qxc4 21. c3 Qc5 22. g3 Qxe3+ 23. Rxe3 Ra6 24. Rd1 Rb6 25. Re2 e6 26. Kg2 Rc4 27. Ne1 Bf8 28. Nd3 Rbc6 29. Nb4 Rc8 30. Kf3 Kg7 {Precision: White = 47%, Black = 46%.} 1/2-1/2

[Event "Kathmandu Open 2018"]
[Site "Kathmandu"]
[Date "2018.04.15"]
[Round "5"]
[White "Sriram, Jha"]
[Black "Deshmukh, Anup"]
[Result "*"]
[WhiteElo "2392"]
[BlackElo "2282"]
[Annotator "TA"]
[PlyCount "34"]
[EventDate "2018.??.??"]
[EventType "swiss"]
[EventCountry "NEP"]
[SourceTitle "playchess.com"]
[Source "ChessBase"]
[SourceQuality "1"]

{[%evp 18,19,18,0]} 1. d4 Nf6 2. c4 e6 3. Nf3 d5 4. Nc3 Be7 5. Bf4 O-O 6. e3 c5 7. dxc5 Nc6 8. a3 Bxc5 9. Qc2 Re8 10. Rd1 {LiveBook: 10 Games. D37: Queen's Gambit Declined: 5 Bf4} (10. O-O-O e5 11. Bg5 d4 12. Nd5 b5 13. Bxf6 gxf6 14. cxb5 Na5 15. exd4 exd4 16. Nb4 Bxb4 17. axb4 Be6 18. Nxd4 {0-1 (34) Topalov,V (2760)-Anand,V (2779) London 2016}) {Find the theoretical novelty and annotate with similar games:} 10... e5 $146 11. Bg5 d4 12. Nd5 Be7 13. Bxf6 Bxf6 14. Bd3 g6 15. O-O Bg7 16. e4 Bg4 17. Be2 Rc8 {0-1 (33) Repka,C (2470)-Fridman,D (2626) Heraklio 2017} *

[Event "Kathmandu Open 2018"]
[Site "Kathmandu"]
[Date "2018.04.15"]
[Round "5"]
[White "Sriram, Jha"]
[Black "Deshmukh, Anup"]
[Result "1-0"]
[WhiteElo "2392"]
[BlackElo "2282"]
[Annotator "TA"]
[PlyCount "109"]
[EventDate "2018.??.??"]
[EventType "swiss"]
[EventCountry "NEP"]
[SourceTitle "playchess.com"]
[Source "ChessBase"]
[SourceQuality "1"]

{[%evp 22,109,7,0,107,114,129,126,119,110,122,110,211,208,193,210,180,211,201,0,202,118,224,171,176,177,173,164,161,125,113,106,175,168,172,175,169,170,195,193,193,193,200,200,205,200,231,228,233,224,237,232,275,269,295,292,292,292,281,285,372,372,372,372,363,344,322,322,706,706,983,950,1543,1386,1275,974,1276,1135,3393,2620,1169,1015,5865,5720,1171,355,347,347,340,340]} 1. d4 Nf6 2. c4 e6 3. Nf3 d5 4. Nc3 Be7 5. Bf4 O-O 6. e3 c5 7. dxc5 Nc6 8. a3 Bxc5 9. Qc2 Re8 10. Rd1 {D37: Queen's Gambit Declined: 5 Bf4} (10. O-O-O e5 11. Bg5 d4 12. Nd5 b5 13. Bxf6 gxf6 14. cxb5 Na5 15. exd4 exd4 16. Nb4 Bxb4 17. axb4 Be6 18. Nxd4 {0-1 (34) Topalov,V (2760)-Anand,V (2779) London 2016}) 10... e5 11. Bg5 d4 {[#]} 12. Nd5 $1 {[%mdl 512] LiveBook: 7 Games. The position is equal.} Qa5+ (12... Be7 $1 $11 {keeps the balance.}) (12... Nxd5 13. Bxd8) 13. b4 $16 Qxa3 14. bxc5 Nxd5 15. cxd5 Nb4 {[#]} 16. Qd2 $146 ({Predecessor:} 16. Qb1 Nxd5 17. e4 Nc3 {0-1 (39) Narciso Dublan,M (2375)-Torrecillas Martinez,A (2340) Spain 1995}) 16... Bf5 (16... Qb3 $16 {is a better defense.} 17. Be2 d3) 17. Bb5 $18 {aiming for 0-0.} Nc2+ 18. Kf1 {[%cal Re3d4]} h6 19. Bxe8 Rxe8 20. Bh4 $2 ({Better is} 20. Bxh6 $18 {[%cal Re3d4]} Qa6+ 21. Kg1) 20... Qxc5 $2 (20... dxe3 $11 {and Black stays safe.} 21. Qe2 Qxc5) 21. Kg1 (21. exd4 $18 exd4 22. d6 (22. Nxd4 Qc4+ 23. Ne2 Qxh4 $14)) 21... a5 (21... Qxd5 $16 {was worth a try.} 22. exd4 exd4) 22. h3 Qxd5 23. exd4 a4 24. dxe5 Qxd2 25. Rxd2 a3 26. Kh2 {Black must now prevent Nd4.} g5 (26... a2 $16) 27. Bg3 {Nd4 is the strong threat.} a2 28. Nd4 Nxd4 29. Rxa2 ({Resist} 29. Rxd4 $6 Bb1 $14) 29... Be6 30. Rb2 Nf5 31. Rxb7 Rc8 32. Rhb1 Rc3 33. f3 Rc2 34. R1b2 Rc5 35. R7b5 Rc1 {If only Black now had time for ...Ne3....} 36. Bf2 Ne7 37. h4 Rc3 38. hxg5 hxg5 39. Be1 Rd3 40. Rd2 Re3 41. Rd8+ Kh7 42. Bd2 Re2 43. Bxg5 Nc6 44. Rd2 Re1 $2 (44... Rxe5 45. Rxe5 Nxe5) 45. Bf6 Kg6 46. g4 Re3 47. Kg2 Rc3 48. Kf2 Rc1 49. Kg3 Rc3 50. Rd6 Rc4 51. f4 Nd4 52. Rxd4 Rxd4 53. f5+ $2 (53. Rb8 Rd1 54. f5+ Bxf5 55. gxf5+ Kxf5 56. Rb7) 53... Bxf5 54. gxf5+ Kxf5 55. Rb7 {Precision: White = 78%, Black = 30%.} 1-0

[Event "Kathmandu Open 2018"]
[Site "Kathmandu"]
[Date "2018.04.15"]
[Round "5"]
[White "Shyaamnikhil P"]
[Black "Sengupta, Deep"]
[Result "1/2-1/2"]
[WhiteElo "2385"]
[BlackElo "2579"]
[Annotator "TA"]
[PlyCount "84"]
[EventDate "2018.??.??"]
[EventType "swiss"]
[EventCountry "NEP"]
[SourceTitle "playchess.com"]
[Source "ChessBase"]
[SourceQuality "1"]

{[%evp 17,84,-32,31,-16,-1,-28,-8,-20,0,0,0,3,30,18,22,0,0,0,11,0,0,0,17,22,17,18,17,17,17,19,33,24,39,10,12,9,10,8,12,13,16,0,0,5,8,0,0,0,0,0,0,-7,-4,-5,0,0,0,0,0,0,0,0,0,0,0,0,0,0,0]} 1. d4 Nf6 2. c4 e6 3. Nc3 Bb4 4. Qc2 O-O 5. a3 Bxc3+ 6. Qxc3 b6 7. Bg5 Bb7 8. f3 c5 9. e3 d6 {LiveBook: 15 Games} ({Better is} 9... h6 $15 10. Bxf6 Qxf6) 10. Ne2 {E32: Nimzo-Indian: Classical (4 Qc2): 4...0-0} Nbd7 11. Qc2 Rc8 12. Nc3 (12. Rd1 Qe7 13. Nc3 h6 14. Bh4 d5 15. cxd5 exd5 16. Bf2 cxd4 17. Rxd4 {1-0 (35) Baenziger,F (2379)-Shengelia,D (2557) Austria 2017}) 12... cxd4 13. exd4 d5 $146 ({Predecessor:} 13... e5 14. O-O-O Qe7 15. Kb1 h6 16. Bh4 {0-1 (46) Matras,O (2210)-Rydl,J (2203) Prague 2014}) 14. cxd5 $1 h6 15. Bh4 Re8 16. Qd2 exd5+ 17. Kd1 Nf8 18. Bb5 Bc6 19. Ba6 Rc7 20. Re1 Rxe1+ 21. Kxe1 Ng6 22. Bg3 Re7+ 23. Kf2 Qd7 24. Re1 Rxe1 25. Kxe1 (25. Qxe1 {seems wilder.} Nh5 26. Be5 Nhf4 27. Bxf4 Nxf4 28. Qe5) 25... Nh5 {The position is equal.} 26. Bd3 Nxg3 27. hxg3 Qd6 28. Kf2 Ne7 29. Qf4 (29. Qe3 {is more complex.} f6 30. g4 Bd7 31. g3 Kf7 32. Qd2) 29... Qxf4 30. gxf4 $11 {[%mdl 4096] Endgame KBN-KBN} Bd7 31. Ba6 Kf8 32. Bb7 Nf5 33. Bxd5 Nxd4 34. g4 f5 35. Ke3 Nb5 (35... Nc6 {keeps more tension.} 36. Kf2 Ke7 37. Bxc6 Bxc6 38. Nd1 Bb5) 36. Nxb5 Bxb5 {KB-KB} 37. Be6 fxg4 38. fxg4 Ke7 39. Bd5 Kf6 40. Bf3 g5 41. Bd1 Bc6 42. Be2 Bb7 {Precision: White = 61%, Black = 58%.} 1/2-1/2

[Event "Kathmandu Open 2018"]
[Site "Kathmandu"]
[Date "2018.04.15"]
[Round "5"]
[White "Kaustuv, Kundu"]
[Black "Hamal, Manish"]
[Result "1/2-1/2"]
[WhiteElo "2381"]
[BlackElo "2058"]
[Annotator "TA"]
[PlyCount "60"]
[EventDate "2018.??.??"]
[EventType "swiss"]
[EventCountry "NEP"]
[SourceTitle "playchess.com"]
[Source "ChessBase"]
[SourceQuality "1"]

{[%evp 21,60,27,31,-17,-29,-49,-28,-62,-64,-75,-85,-85,-75,-454,-150,-151,-155,-184,-139,-189,-185,-206,-137,-141,-100,-91,-92,-110,-79,-139,-69,-264,-68,-119,0,0,0,0,0,0,0]} 1. c4 Nf6 2. Nc3 g6 3. g3 Bg7 4. Bg2 O-O 5. e4 d6 6. Nge2 c5 7. O-O Nc6 8. d3 a6 9. h3 Rb8 10. a4 Nb4 11. Be3 Bd7 {LiveBook: 3 Games} 12. d4 {A36: Symmetrical English vs ...g6: 4 Bg2 Bg7} (12. b3 e5 13. Qd2 Ne8 14. Kh2 b5 15. axb5 axb5 16. f4 exf4 17. gxf4 f5 18. Rad1 Qe7 19. Ng3 fxe4 20. dxe4 bxc4 21. bxc4 {0-1 (30) Lehtinen,H (2400)-Palliser,R (2445) Finland 2011}) 12... cxd4 13. Nxd4 Qc8 $1 14. Rc1 $146 {Black has an edge.} ({Predecessor:} 14. Kh2 Qxc4 15. Re1 Qc8 16. Rc1 Qd8 17. f4 Nc6 18. Nd5 e6 19. Nb6 Nxd4 20. Bxd4 {½-½ (52) Schmedders,H (2205)-Zeldin,V (2114) Germany 2010}) 14... Bxh3 15. Nd5 Nbxd5 16. cxd5 Qd7 17. Ne6 $2 {[%mdl 8192]} (17. f3 $17 {is more resistant.}) 17... Bxe6 $2 (17... Bxg2 $19 {and Black stays clearly on top.} 18. Rc7 Qe8 19. Nxf8 Bxf1 20. Nxh7 Kxh7 21. Qxf1 Nxe4) 18. dxe6 $17 Qxe6 19. Ba7 Rbc8 ({Inferior is} 19... Nxe4 20. Bxe4 Qxe4 21. Re1 $14) 20. Rxc8 Rxc8 21. e5 dxe5 22. Bxb7 Re8 23. b4 e4 24. Kg2 h5 25. a5 {[#]} (25. Re1 $142) 25... h4 $1 26. gxh4 $2 (26. b5 $1 $15) 26... Bh6 $2 {[#]} (26... Qc4 $19 27. Bc5 Rb8) 27. Re1 {[#]} ({Better is} 27. b5 $1 $15 {[%mdl 512]}) 27... Bd2 (27... Qf5 $1 $17 {And now ...e6 would win.} 28. f3 Qh5) 28. Qxd2 $11 {aiming for Re3.The position is equal.} Qg4+ 29. Kf1 {Hoping for Qc3.} Qh3+ 30. Kg1 Qg4+ {Precision: White = 17%, Black = 31%.} 1/2-1/2

[Event "Kathmandu Open 2018"]
[Site "Kathmandu"]
[Date "2018.04.15"]
[Round "5"]
[White "L'Ami, Alina"]
[Black "Sonkalan Bharati"]
[Result "0-1"]
[WhiteElo "2316"]
[BlackElo "2050"]
[Annotator "TA"]
[PlyCount "82"]
[EventDate "2018.??.??"]
[EventType "swiss"]
[EventCountry "NEP"]
[SourceTitle "playchess.com"]
[Source "ChessBase"]
[SourceQuality "1"]

{[%evp 29,82,-24,-24,-8,-14,-28,-22,-28,-23,-25,-47,-27,0,0,0,0,0,-96,0,0,0,-585,-584,-823,27,43,26,31,18,27,32,35,90,87,137,92,264,271,281,254,260,187,155,93,88,86,93,0,0,0,0,7,6,-12838,-12839]} 1. d4 Nf6 2. c4 g6 3. Nc3 Bg7 4. e4 d6 5. h3 O-O 6. Bg5 c5 7. d5 e6 8. Bd3 exd5 9. cxd5 Re8 10. Nf3 c4 11. Bc2 b5 {A65: Modern Benoni: 6 e4} 12. a3 Nbd7 13. O-O Nc5 (13... a6 14. Qd2 Bb7 15. Rfe1 Rc8 16. Rad1 Qc7 17. Nd4 Nc5 18. Nc6 Bxc6 19. dxc6 {0-1 (33) Kramnik,V (2785)-Grischuk,A (2747) Monte Carlo 2011}) 14. Re1 Qb6 15. e5 dxe5 {LiveBook: 5 Games} 16. Nxe5 Bb7 17. Qf3 a5 {[#]} 18. Rad1 $146 ({Predecessor:} 18. Nc6 Nxd5 19. Rxe8+ Rxe8 20. Nxd5 Qxc6 {0-1 (37) Bernasek,J (2536)-Belous,V (2578) Katowice 2014}) 18... Ncd7 19. Nc6 b4 20. Ne4 Nxd5 21. Nd6 $1 Rxe1+ 22. Rxe1 Bxc6 ({Don't go for} 22... Qxc6 $2 23. Qxf7+ Kh8 24. Ne8 $18) 23. Qxf7+ Kh8 24. Ne8 $1 {[%csl Ge8][%cal Rf7g7]} Qd4 $1 {[%cal Rd4b2] [#]} 25. Re4 $2 {[%mdl 8192]} (25. Bxg6 $1 $11 {[%mdl 512] and White is okay.} hxg6 26. Re4 $1 {[%mdl 512]} Rxe8 27. Rxe8+ Bf8 28. Rxf8+ Nxf8 29. Qxf8+ Kh7 30. Qh6+ Kg8 31. Qxg6+ Qg7 32. Qe6+ Kh7 33. Qxc6 Qxg5 34. axb4) 25... Qxb2 $19 26. Rh4 {Intending Qxg6 and mate.} Nf8 $2 {[#]} (26... Qa1+ $19 27. Bb1 Qxb1+ 28. Kh2 Rxe8 $1 {[%mdl 512]} 29. Qxe8+ Nf8 30. Qxc6 bxa3 31. Rxc4 a2) 27. Bf6 $1 $40 {[%mdl 640] Black needs to defend precisely.} Qxf6 $1 ({Not} 27... Qc1+ 28. Kh2 Qf4+ 29. Rxf4 Ne6 30. Bxg7+ Nxg7 31. Qxg7#) (27... Nxf6 28. Qxg7#) 28. Nxf6 Nxf6 29. Qxc4 Bd5 30. Qd3 Rd8 (30... g5 $14 31. Rd4 bxa3 32. Qxa3 Ne6) 31. axb4 $16 g5 32. Rc4 Ne6 $2 (32... Bxc4 $16 33. Qxd8 axb4) 33. bxa5 $18 Nf4 34. Qd1 Nxg2 35. Rd4 {Hoping for Rxd5.} Nf4 36. Bb3 (36. a6 $142) 36... Nxh3+ $16 37. Kf1 {[%cal Rb3d5]} Nf4 {[#] aiming for ...Bg2+.} 38. Bxd5 ({Better is} 38. Rd2 $1 $16) 38... N6xd5 $11 39. a6 {a7 is the strong threat.} Bxd4 40. Qxd4+ Kg8 {Threatens to win with ...Ne3+!} 41. Qe5 $2 {[%mdl 8192] [#]} (41. a7 $11) 41... Ne3+ $1 {Precision: White = 43%, Black = 56%.} 0-1

[Event "Kathmandu Open 2018"]
[Site "Kathmandu"]
[Date "2018.04.15"]
[Round "5"]
[White "Gajwa Ankit"]
[Black "Nepali, Badrilal"]
[Result "1-0"]
[WhiteElo "2292"]
[BlackElo "2020"]
[Annotator "TA"]
[PlyCount "41"]
[EventDate "2018.??.??"]
[EventType "swiss"]
[EventCountry "NEP"]
[SourceTitle "playchess.com"]
[Source "ChessBase"]
[SourceQuality "1"]

{[%evp 24,41,47,46,66,63,68,64,103,100,241,237,257,239,258,250,245,240,370,360]} 1. e4 c5 2. Nf3 d6 3. Bb5+ Bd7 4. Bxd7+ Nxd7 5. O-O Ngf6 6. Qe2 e6 7. b3 Be7 8. Bb2 O-O 9. c4 Qc7 10. d4 cxd4 11. Nxd4 a6 12. Nc3 Rac8 13. Rad1 {[#] LiveBook: 3 Games. B52: Sicilian: Moscow Variation with 3...Bd7} Ne8 $146 ({Predecessor:} 13... Rfe8 14. Kh1 Bf8 15. f4 Qa5 16. Nf3 Red8 17. e5 dxe5 18. fxe5 Ng4 19. Ng5 Ndxe5 20. Nd5 exd5 21. Bxe5 Nxe5 22. Qxe5 {½-½ (46) Fressinet,L (2595)-Polgar,J (2715) Enghien les Bains 2003}) 14. f4 Qa5 15. Kh1 {White is slightly better.} Bf6 16. e5 Be7 {[#]} (16... dxe5 $16 17. Nxe6 fxe6) 17. exd6 $1 $18 Nxd6 {[#]} 18. Nxe6 $1 {[%mdl 512]} fxe6 19. Qxe6+ Rf7 20. Qxd7 Rc7 (20... Bf8 {is a better defense.} 21. Qg4 (21. Rxd6 Rxd7 22. Rxd7 b5 $11) 21... Re8) 21. Qe6 ({Weaker is} 21. Rxd6 Rxd7 22. Rxd7 Bf6 $11) 1-0

[Event "Kathmandu Open 2018"]
[Site "Kathmandu"]
[Date "2018.04.15"]
[Round "5"]
[White "Navalgund, Niranjan"]
[Black "Kavinda, Akila"]
[Result "1-0"]
[WhiteElo "2286"]
[BlackElo "1996"]
[Annotator "TA"]
[PlyCount "103"]
[EventDate "2018.??.??"]
[EventType "swiss"]
[EventCountry "NEP"]
[SourceTitle "playchess.com"]
[Source "ChessBase"]
[SourceQuality "1"]

{[%evp 18,103,47,0,12,0,0,0,7,-10,-17,-20,-12,-17,-23,0,-8,-75,-76,-72,-80,-77,-62,-71,-34,-27,-22,-20,-16,-21,-7,-34,-22,-47,-34,-40,-32,-28,-32,-75,-78,-74,-43,-43,-43,-54,-33,-45,-17,-11,-11,-21,-41,-229,-231,-317,-229,-247,-71,-35,157,147,135,0,0,-97,266,252,382,372,359,361,991,951,906,724,877,755,699,660,29994,29995,29995,29996,29996,29997,29997,304]} 1. d4 g6 2. e4 Bg7 3. Nf3 d6 4. Bc4 Nf6 5. Qe2 O-O 6. e5 dxe5 7. dxe5 Nd5 8. O-O Bg4 {B06: Modern Defence} 9. Nbd2 c6 10. Bb3 {LiveBook: 4 Games} a5 {[%cal Ba7a5,Ba5a4][%mdl 32] The position is equal.} (10... Qc7 11. h3 Bf5 12. Re1 Nd7 13. Nf1 Nc5 14. Ng3 Be6 {1-0 (60) Andreikin,D (2708)-Potapov,P (2479) Sochi 2017}) 11. a3 Nd7 12. h3 Be6 $146 ({Find the theoretical novelty and annotate with similar games:} 12... Bxf3 13. Nxf3 Nc5 14. Ba2 Qc7 15. Bg5 h6 {½-½ (29) Karwatzki,H (1709)-Geuer,M (1843) Troisdorf 2005}) 13. Ne4 a4 14. Ba2 Nc7 15. c4 Nxe5 16. Nxe5 Bxe5 17. Nc5 (17. Bh6 $11 {remains equal.}) 17... Bg7 $17 18. Rd1 Qc8 19. Bf4 Ra5 20. Qe3 Na6 21. Nxe6 Qxe6 22. Qb6 Rf5 23. Be3 Qc8 24. Rd2 Be5 25. Rad1 Bc7 26. Qd4 Nc5 27. Bh6 $1 {[%csl Gh6][%cal Rd4g7]} Ne6 28. Qg4 Re8 29. Bb1 Rh5 30. Be3 f5 $36 {[%cal Bf7f5,Bf5f4][%mdl 2080] Black is pushing.} 31. Qf3 f4 32. Bd4 Rh4 33. c5 Ng5 34. Ba2+ Kf8 35. Qc3 $2 ({Only move:} 35. Qd3 $1 $15 e5 36. Bc3) 35... e5 $19 36. Qc4 {White threatens Qg8+ and mate.} Kg7 37. Bc3 {[#] Black must now prevent Rd7+.} Re7 $2 (37... Nxh3+ $1 $19 {[%mdl 512] is more deadly.} 38. Kf1 (38. gxh3 {is a self mate.} Qxh3 39. Bxe5+ Bxe5 40. Rd7+ Kf6 41. R1d6+ Kg5 42. Qxf4+ Bxf4 43. Rd5+ cxd5 44. Rxd5+ Kf6 45. Rd6+ Bxd6 46. cxd6 Qh1#) 38... Ng5 39. Rd7+ Kh6) 38. f3 $17 Nxf3+ $2 (38... Kh6 $15 {stays ahead.}) 39. gxf3 $16 {Strongly threatening Rd7.} Qxh3 40. Qg8+ (40. Qf1 $1 $16) 40... Kh6 $11 41. Rf1 {[#]} (41. Qf8+ $11 {was the only way to keep the balance.} Kh5 42. Rg2 (42. Qxe7 $2 {gets mated.} Qh1+ 43. Kf2 Rh2#) 42... Qh1+ 43. Kf2 Qxd1 44. Rg5+ $1 {[%mdl 512]} Kxg5 45. Qxe7+ Kh5 46. Qxh7+ Kg5 47. Qe7+ Kh5 48. Qh7+ Kg5 49. Qe7+ Kh5 50. Qh7+) 41... Qf5 $2 {[%mdl 8192]} (41... Rd7 $1 $17 {[%cal Rd7d2] stays on course. ( -> ...Rxd2)} 42. Qf8+ Kh5) 42. Bb1 $18 Qh5 (42... Qg5+ $142 43. Rg2 Qf6) 43. Qf8+ Rg7 44. Kf2 {[%cal Bg1f2,Bf2e2,Be2d1][%mdl 32]} Rh3 $2 (44... Rh2+ 45. Ke1 Qh4+ 46. Kd1 Rxd2+ 47. Kxd2 Qe7 48. Rh1+ Kg5) 45. Ke2 {And now Rd7 would win.} Rh2+ 46. Kd1 {aiming for Rd7.} Rxd2+ 47. Bxd2 Qh3 48. Bd3 Qd7 49. Rh1+ {White mates.} Kg5 50. Rg1+ Kh4 51. Qf6+ Kh3 52. Bf1+ $2 {Precision: White = 52%, Black = 47%.} (52. Qg5 {NOTEXT} Qg4 53. Qxg4+ Kh2 54. Qg2#) 1-0